000 00618nam a2200205Ia 4500
008 160319s9999 xx 000 0 und d
050 _a920
050 _bP766n 1986
100 _aPolicarpio, Alfonso P.
245 _aNinoy Aquino:
245 _bthe Willing Martyr /
245 _cAlfonso P. Policarpio, Jr.
260 _bIsaiah Books Inc.
260 _c1986
300 _a220 pages :
300 _billustrations :
650 _aAquino, Benigno S., -- Jr., -- 1932-1983.
650 _aPhilippines -- Politics and government -- 1946-1973.
650 _aPhilippines -- Politics and government -- 1973-1986.
999 _c292233
_d292233